Violn̊cia contra a mulher e o sistema de justiȧ epistemologia feminista em um estudo de caso /

Bibliographic Details
Main Author: Teixeira Suxberger, Rejane Zenir Jungbluth
Format: eBook
Language:Spanish
Published: Barcelona: J.M. Bosch Editor, 2021
Subjects:
Online Access:Acceso restringido

MARC

LEADER 00000nam a22000007a 4500
005 20220510235427.0
007 cr|||| ||||
008 220510s2021 es |||||s|||| 00||0 spa d
020 |a 978-84-123503-5-7 
035 |a 35637 
040 |a vLex 
090 |c 13317  |d 13317 
100 1 |a Teixeira Suxberger, Rejane Zenir Jungbluth 
245 1 0 |a Violn̊cia contra a mulher e o sistema de justiȧ  |h [Recurso electrn̤ico] :  |b epistemologia feminista em um estudo de caso /  |c Rejane Zenir Jungbluth Teixeira Suxberger 
256 |a Servicio en ln̕ea 
260 |a Barcelona:  |b J.M. Bosch Editor,  |c 2021 
300 |a 1 recurso electrn̤ico 
500 |a ±(...) Rejane busca e encontra resposta profunda e eficaz na anl̀ise qualitativa de um estudo de caso. Analisa o processamento das denn︢cias anteriores a um caso de feminicd̕io ocorrido em maio de 2019. (...) Longe est ̀de ser caso n︢ico. Representa outros tantos casos noticiados em jornais dir̀ios de mulheres vt̕imas de feminicd̕io que, antes desse desfecho, fizeram denn︢cias e foram atendidas e ouvidas no judicir̀io. (...) A autora busca entô desvendar como a aplicaȯ̂ da lei Maria da Penha depende em grande parte de como os operadores de justiȧ assimilam, entendem, interpretam a letra da lei e seus objetivos. O que vem a ser a violn̊cia domštica contra as mulheres? O que vem a ser o ±constranger a mulher»? O que vem a ser o ±mandar na mulher»? O que vem a ser ±o espancar a mulher», o ±ameaȧr a mulher», o ±matar a mulher»? Ser ̀que h ̀conivn̊cia, ou imersô no mundo de senso comum por parte dos policiais e dos operadores de justiȧ, promotores, juz̕es, advogados que entendem o controle, a violn̊cia e o poder dos homens sobre suas mulheres como ±normal» e ±legt̕imo»? Ou se nô tanto, apenas tendem a minimizar a transformaȯ̂ do poder de gn̊ero em violn̊cia de gn̊ero?» (Lia Zanotta Machado. Dra. em Cin̊cias Humanas —USP,1980— e Profa. Titular de Antropologia da UnB). ±(...) Os achados que Rejane nos apresenta sô valiosos nô apenas para a linha ±Controle penal e polt̕icas pb︢licas», do nosso programa de ps̤-graduaȯ̂, mas tambm̌ para repensar as prt̀icas do sistema de justiȧ. Eu me convenci e tenho repetido: toda pesquisa ̌um caminho aberto, com potencial para trilhar novos caminhos, frentes de pesquisa e para aė̳s polt̕icas (...).» (Bruno Amaral Machado. Professor do Programa de Mestrado e Doutorado em Direito e Polt̕icas Pb︢licas do UniCEUB). 
506 1 |a Disponible solo en los productos indicados  |d vLex Global  |d vLex Global (Academic Edition, excluding Law Schools)  |d vLex Global (U.S. Academic Edition, Law Schools)  |d vLex Global (U.S. Academic Edition, excluding Law Schools)  |d vLex Global (Academic Edition, Law Schools) 
650 0 4 |a Derecho Penal  |z Espaą 
740 0 |a vLex Libros (Servicio en ln̕ea) 
856 4 0 |u https://app.vlex.com/#/sources/35637  |z Acceso restringido 
942 |c BOOK 
999 0 |a Criminal law